header

Drupal for education and e-learning (Record no. 39790)

MARC details
000 -LEADER
fixed length control field 01484nam a2200385 a 4500
100 1# - MAIN ENTRY--AUTHOR NAME
Personal name Robertson, James G.
245 10 - TITLE STATEMENT
Title Drupal for education and e-learning
250 ## - EDITION STATEMENT
Edition statement 2nd ed.
260 ## - PUBLICATION, DISTRIBUTION, ETC. (IMPRINT)
Place of publication Birmingham :
Name of publisher Packt Pub.,
Year of publication 2013.
300 ## - PHYSICAL DESCRIPTION
Number of Pages x, 368 p. :
Other physical details ill. (some col.)
500 ## - GENERAL NOTE
General note Includes index.
650 #0 - SUBJECT ADDED ENTRY--TOPICAL TERM
Topical Term Computer-assisted instruction.
Topical Term Educational technology.
Topical Term Internet in education.
Topical Term Web-based instruction.
Topical Term Web sites
Topical Term Computer games.
Topical Term Internet programming.
700 1# - ADDED ENTRY--PERSONAL NAME
Personal name Fitzgerald, Bill.
856 40 - ELECTRONIC LOCATION AND ACCESS
Uniform Resource Identifier http://site.ebrary.com/lib/rucke/Doc?id=10721289

No items available.

© 2026 Rongo University
Contact us: librarian | system librarian | Rongo university